| 000 | 00356pab a2200157 454500 | ||
|---|---|---|---|
| 008 | 180718b2000 xxu||||| |||| 00| 0 eng d | ||
| 100 | _aChatterjee, Shoma A. | ||
| 245 | _aWhen the tough get going | ||
| 260 | _c2000 | ||
| 300 | _ap.6 | ||
| 362 | _a10 Dec | ||
| 650 | _aPolice - India | ||
| 650 | _aPolice | ||
| 773 | _aEconomic Times | ||
| 909 | _a47984 | ||
| 999 |
_c47984 _d47984 |
||